| 000 | 00700pam a2200253 a 4500 | ||
|---|---|---|---|
| 999 |
_c8760 _d8760 |
||
| 001 | 8760 | ||
| 003 | BD-JhCC | ||
| 005 | 20180303192128.0 | ||
| 008 | 821227s1983 caua 001 0 eng | ||
| 020 | _a0534012604 | ||
| 035 | _a(BD-JhCC)8760 | ||
| 040 |
_aDLC _cDLC _dDLC _dBD-JhCC |
||
| 041 | _aeng | ||
| 050 | 0 | 0 |
_aQC23 _b.G793 1983 |
| 082 | 0 | 0 |
_a530 _219 _bGRE 1983 |
| 100 | 1 | _aGreenwood, Margaret Stautberg. | |
| 245 | 1 | 0 |
_aPhysics, the excitement of discovery / _cMargaret Stautberg Greenwood. |
| 260 |
_aBelmont, Calif. : _bWadsworth Pub. Co., _cc1983. |
||
| 300 |
_axvi, 494 p. : _bill. ; _c25 cm. |
||
| 500 | _aIncludes index. | ||
| 650 | 0 | _aPhysics. | |
| 942 |
_2ddc _cBK |
||